5 Daily Prayers for Muslims - Statistics

General Stats
  • This quiz has been taken 313 times
    202 since last reset
  • The average score is 4 of 5
Answer Stats
Hint Answer % Correct
The dawn prayer Fajr
89%
The afternoon prayer Asr
76%
The noon prayer Zuhr
71%
The evening prayer Isha
64%
The sunset prayer Maghrib
61%
No matching quizzes found
Score Distribution
Percent of People with Each Score
Percentile by Number Answered
Your Score History
You have not taken this quiz since the last reset